| 000 | 01024cam a2200241 4500 | ||
|---|---|---|---|
| 008 | 000000n2000 000 0 eng u | ||
| 035 | _a(Sirsi) u109955 | ||
| 245 | _aWebsites leave room at the inn | ||
| 260 | _c2000 | ||
| 490 |
_aFinancial Times _v 8 December 2000, 36(2) |
||
| 520 | _aDiscusses the role of brokers in the property market, and whether intermediaries have a place in web technology as the internet allows suppliers and customers to contact each other without intermediaries. Looks at a large group of investors in the UK and Netherlands who aim to create an internet site for the purchase and sale of property, and Dutch investors in a website company hoping to make leasing more efficient. | ||
| 590 | _aWB | ||
| 650 | _aBROKERS | ||
| 650 | _aUNITED KINGDOM | ||
| 650 | _aNETHERLANDS | ||
| 650 | _aINVESTORS | ||
| 650 | _aINSTITUTIONAL INVESTMENT | ||
| 650 | _aDISINTERMEDIATION | ||
| 650 | _aPROPERTY SALES | ||
| 650 | _aINTERNET | ||
| 690 | _aPROPERTY-COMMERCIAL PROPERTY | ||
| 942 | _n0 | ||
| 999 |
_c65588 _d65588 |
||